000 00602cam a2200229ua 4500
001 9529
008 160125n ii |||gr||||Z||||||eng
020 _a9789350971420
040 _cMAIN
041 _aeng
082 _a658.3
100 _aMamoria, C.B.,
_eAuthor.
245 _aDynamics of industrial relations
_cby C.B. Mamoria
250 _a3rd rev. ed.
260 _aMumbai:
_bHimalaya publishing house,
_c2013.
300 _a793p.
653 _aGeneral management
653 _aIndustrial relations
700 _aMamoria, Satish,
_eAuthor.
700 _aGankar, S.V.,
_eAuthor.
942 _cBK
999 _c8561
_d8561